[Event "P-4955"]
[Site "IECC email"]
[Date "2015.02.16"]
[Round "?"]
[White "Kamanel Zamora, Juan Felipe"]
[Black "De Oliveira, Diogo Luiz"]
[Result "1/2-1/2"]
[WhiteElo "2267"]
[BlackElo "2146"]
[PlyCount "51"]
[EventDate "2015.??.??"]
[EventType "tourn (corr)"]
[SourceTitle "Corr 2020"]
[Source "ChessBase"]
[SourceDate "2019.09.30"]
[SourceVersion "1"]
[SourceVersionDate "2019.09.30"]
[SourceQuality "1"]
[WhiteTeam "Cuba"]
[BlackTeam "Brazil"]
[WhiteTeamCountry "CUB"]
[BlackTeamCountry "BRA"]

1. d4 Nf6 2. c4 e6 3. Nc3 Bb4 4. e3 c5 5. Bd3 0-0 6. Nf3 d5 7. 0-0 Nc6 8. a3 Bxc3 9. bxc3 Qc7 10. Bb2 Na5 11. cxd5 exd5 12. Ne5 c4 13. Bc2 Ne4 14. f3 Nd6 15. a4 f6 16. Ba3 Re8 17. Ng4 Nb3 18. Ra2 Bxg4 19. fxg4 Nf7 20. e4 dxe4 21. Re1 Qc6 22. Bxb3 cxb3 23. Qxb3 b6 24. d5 Qd7 25. h3 Nd6 26. c4 1/2-1/2

[Event "IECC Swiss-571.3"]
[Site "IECC email"]
[Date "2015.02.15"]
[Round "?"]
[White "Vio, Mauro"]
[Black "De Oliveira, Diogo Luiz"]
[Result "0-1"]
[WhiteElo "1683"]
[BlackElo "2151"]
[PlyCount "68"]
[EventDate "2015.??.??"]
[EventType "swiss (corr)"]
[EventRounds "1"]
[SourceTitle "Corr 2020"]
[Source "ChessBase"]
[SourceDate "2019.09.30"]
[SourceVersion "1"]
[SourceVersionDate "2019.09.30"]
[SourceQuality "1"]
[WhiteTeam "Italy"]
[BlackTeam "Brazil"]
[WhiteTeamCountry "ITA"]
[BlackTeamCountry "BRA"]

1. e4 c5 2. Nf3 d6 3. Bb5+ Bd7 4. Bxd7+ Qxd7 5. 0-0 Nf6 6. e5 dxe5 7. Nxe5 Qd6 8. Qe2 Nbd7 9. Nc4 Qc6 10. d3 b5 11. Na5 Qc7 12. Nb3 e6 13. Na3 a6 14. c4 Bd6 15. cxb5 Bxh2+ 16. Kh1 Bd6 17. bxa6 Rxa6 18. d4 Qb7 19. Nb5 cxd4 20. N3xd4 0-0 21. Rd1 Bc5 22. Kg1 Ne4 23. Be3 Ndf6 24. Nc2 Nd5 25. Bd4 Nf4 26. Qf3 e5 27. Nc3 Rg6 28. Nxe4 Rxg2+ 29. Qxg2 Nxg2 30. Bxc5 Qxe4 31. Bxf8 Nf4 32. Ne3 Qf3 33. Rf1 Kxf8 34. Rfe1 h5 0-1

[Event "IECC 2014-2.06"]
[Site "IECC email"]
[Date "2014.09.20"]
[Round "?"]
[White "De Oliveira, Diogo Luiz"]
[Black "Jordaan, Wayne"]
[Result "1-0"]
[WhiteElo "2142"]
[BlackElo "1874"]
[PlyCount "76"]
[EventDate "2014.??.??"]
[EventType "tourn (corr)"]
[SourceTitle "Corr 2020"]
[Source "ChessBase"]
[SourceDate "2019.09.30"]
[SourceVersion "1"]
[SourceVersionDate "2019.09.30"]
[SourceQuality "1"]
[WhiteTeam "Brazil"]
[BlackTeam "South Africa"]
[WhiteTeamCountry "BRA"]
[BlackTeamCountry "RSA"]

1. e4 c5 2. Nf3 d6 3. d4 cxd4 4. Nxd4 Nf6 5. Nc3 a6 6. f3 e5 7. Nb3 Be6 8. Be3 Nbd7 9. Qd2 Be7 10. g4 0-0 11. g5 Nh5 12. 0-0-0 Rc8 13. Kb1 Nb6 14. Rg1 Qc7 15. Qf2 Nc4 16. Bxc4 Qxc4 17. f4 exf4 18. Bxf4 Nxf4 19. Qxf4 b6 20. h4 b5 21. a3 Kh8 22. Nd4 Rc7 23. Rge1 Rfc8 24. Nd5 Bxd5 25. exd5 Bf8 26. Qf3 Qa4 27. Re4 b4 28. Nc6 Rxc6 29. b3 Qb5 30. a4 Qb7 31. dxc6 Qxc6 32. Qd3 d5 33. Rd4 Kg8 34. Rxd5 Qe6 35. Rd8 Rxd8 36. Qxd8 h5 37. g6 Qxg6 38. Qe8 Qb6 1-0

[Event "IECC Swiss-564.4"]
[Site "IECC email"]
[Date "2014.03.27"]
[Round "?"]
[White "De Oliveira, Diogo Luiz"]
[Black "Garau, Bernard"]
[Result "1/2-1/2"]
[WhiteElo "2161"]
[BlackElo "1988"]
[PlyCount "55"]
[EventDate "2014.??.??"]
[EventType "swiss (corr)"]
[EventRounds "1"]
[SourceTitle "Corr 2020"]
[Source "ChessBase"]
[SourceDate "2019.09.30"]
[SourceVersion "1"]
[SourceVersionDate "2019.09.30"]
[SourceQuality "1"]
[WhiteTeam "Brazil"]
[BlackTeam "France"]
[WhiteTeamCountry "BRA"]
[BlackTeamCountry "FRA"]

1. Nf3 d5 2. d4 Nf6 3. c4 c6 4. Nc3 dxc4 5. a4 Bf5 6. Nh4 e6 7. Nxf5 exf5 8. e3 Bb4 9. Bxc4 0-0 10. 0-0 Nbd7 11. f3 Qa5 12. Na2 Bd6 13. Qe1 Qc7 14. Qh4 c5 15. Bd3 g6 16. Nc3 Be7 17. g4 Nxg4 18. Nd5 Bxh4 19. Nxc7 Rac8 20. Nb5 Ngf6 21. Nxa7 Ra8 22. Nb5 Rfd8 23. Rd1 cxd4 24. exd4 Nd5 25. Bc4 N7f6 26. b3 Kg7 27. Ra2 Rd7 28. Kg2 1/2-1/2

[Event "IECC KO-4034"]
[Site "IECC email"]
[Date "2014.02.16"]
[Round "?"]
[White "De Oliveira, Diogo Luiz"]
[Black "Kepinski, Janusz"]
[Result "1-0"]
[WhiteElo "2155"]
[BlackElo "1859"]
[PlyCount "70"]
[EventDate "2014.??.??"]
[EventType "match (corr)"]
[EventRounds "2"]
[SourceTitle "Corr 2020"]
[Source "ChessBase"]
[SourceDate "2019.09.30"]
[SourceVersion "1"]
[SourceVersionDate "2019.09.30"]
[SourceQuality "1"]
[WhiteTeam "Brazil"]
[BlackTeam "Poland"]
[WhiteTeamCountry "BRA"]
[BlackTeamCountry "POL"]

1. Nf3 d5 2. d4 c6 3. c4 Nf6 4. Nc3 dxc4 5. a4 Nd5 6. e4 Nxc3 7. bxc3 b5 8. Ne5 Qd6 9. Bf4 Nd7 10. Be2 Nxe5 11. Bxe5 Qg6 12. 0-0 h5 13. f4 h4 14. d5 h3 15. g3 Bb7 16. f5 Qh6 17. Qd4 cxd5 18. axb5 Qb6 19. Qxb6 axb6 20. Rxa8+ Bxa8 21. Ra1 Bb7 22. Ra7 Bc8 23. exd5 Bxf5 24. Bd4 Be4 25. Ra8+ Kd7 26. Bxb6 e5 27. Rd8+ Ke7 28. Bc7 Bg2 29. Kf2 Kf6 30. Ke1 Kg6 31. Bxc4 Kh7 32. b6 Bc5 33. Rxh8+ Kxh8 34. b7 Ba7 35. d6 Bc6 1-0

[Event "IECC Swiss-560.4"]
[Site "IECC email"]
[Date "2013.10.31"]
[Round "?"]
[White "De Oliveira, Diogo Luiz"]
[Black "Heyvaert, Philippe"]
[Result "1/2-1/2"]
[WhiteElo "2154"]
[BlackElo "2132"]
[PlyCount "52"]
[EventDate "2013.??.??"]
[EventType "swiss (corr)"]
[EventRounds "1"]
[SourceTitle "Corr 2020"]
[Source "ChessBase"]
[SourceDate "2019.09.30"]
[SourceVersion "1"]
[SourceVersionDate "2019.09.30"]
[SourceQuality "1"]
[WhiteTeam "Brazil"]
[BlackTeam "Belgium"]
[WhiteTeamCountry "BRA"]
[BlackTeamCountry "BEL"]

1. d4 Nf6 2. c4 e6 3. Nf3 Be7 4. Nc3 0-0 5. e4 d5 6. cxd5 exd5 7. e5 Ne4 8. Bd3 Nxc3 9. bxc3 c5 10. 0-0 c4 11. Bc2 Nc6 12. a4 Be6 13. h3 Qd7 14. Bg5 h6 15. Bxe7 Qxe7 16. Bb1 f5 17. Bc2 b6 18. Qb1 Rab8 19. Qb5 Qb7 20. Qb2 Qe7 21. Rfb1 a6 22. Ne1 b5 23. axb5 axb5 24. Bd1 b4 25. Ba4 bxc3 26. Qxc3 Qc7 1/2-1/2

[Event "IECC KO-4032"]
[Site "IECC email"]
[Date "2013.02.04"]
[Round "?"]
[White "Llorente Alvarez, Jose Luis"]
[Black "De Oliveira, Diogo Luiz"]
[Result "1/2-1/2"]
[WhiteElo "2114"]
[BlackElo "2136"]
[PlyCount "63"]
[EventDate "2012.??.??"]
[EventType "match (corr)"]
[EventRounds "2"]
[SourceTitle "Telechess CBM 165"]
[Source "ChessBase"]
[SourceDate "2015.03.11"]
[SourceVersion "1"]
[SourceVersionDate "2015.03.11"]
[SourceQuality "1"]
[WhiteTeam "Spain"]
[BlackTeam "Brazil"]
[WhiteTeamCountry "ESP"]
[BlackTeamCountry "BRA"]

1. e4 e5 2. Nf3 Nc6 3. Bb5 Nf6 4. 0-0 Nxe4 5. d4 Nd6 6. Bxc6 dxc6 7. dxe5 Nf5 8. Qxd8+ Kxd8 9. Nc3 Bd7 10. b3 Kc8 11. Rd1 b6 12. a4 a5 13. Bb2 Be7 14. Rd2 Nh4 15. Nxh4 Bxh4 16. Ne2 Rd8 17. Rad1 c5 18. h3 Bf5 19. Rxd8+ Bxd8 20. Rd2 Kb7 21. g4 Be4 22. f4 Bh4 23. c4 Rd8 24. Rxd8 Bxd8 25. e6 fxe6 26. Bxg7 Bh4 27. Bc3 Kc8 28. Nc1 Bc2 29. Kg2 Bd1 30. Kf1 Kd7 31. Bg7 Ke7 32. Be5 1/2-1/2

[Event "IECC CL2-2012.04 email"]
[Site "IECC email"]
[Date "2012.09.13"]
[Round "?"]
[White "Llorente Alvarez, Jose Luis"]
[Black "De Oliveira, Diogo Luiz"]
[Result "1/2-1/2"]
[WhiteElo "2116"]
[BlackElo "2137"]
[PlyCount "74"]
[EventDate "2012.??.??"]
[EventType "tourn (corr)"]
[EventRounds "4"]
[SourceTitle "Telechess CBM 165"]
[Source "ChessBase"]
[SourceDate "2015.03.11"]
[SourceVersion "1"]
[SourceVersionDate "2015.03.11"]
[SourceQuality "1"]
[WhiteTeam "Spain"]
[BlackTeam "Brazil"]
[WhiteTeamCountry "ESP"]
[BlackTeamCountry "BRA"]

1. f4 d5 2. Nf3 Nf6 3. b3 g6 4. Bb2 Bg7 5. e3 0-0 6. Be2 c5 7. 0-0 Nc6 8. Ne5 Nxe5 9. Bxe5 Ne8 10. Bxg7 Kxg7 11. Bf3 Be6 12. Nc3 Nf6 13. Qe2 Rc8 14. g4 Qd7 15. g5 Ne8 16. Rae1 b6 17. e4 d4 18. Nd5 Bh3 19. Rf2 Nc7 20. c3 f6 21. f5 Nxd5 22. exd5 Qxf5 23. Qxe7+ Kh8 24. Bg2 Qxg5 25. c4 Kg8 26. Qxa7 Rce8 27. Re7 Rxe7 28. Qxe7 Qg4 29. Qe2 Kf7 30. Qd3 Bxg2 31. Rxg2 Qd1+ 32. Qf1 Qxf1+ 33. Kxf1 Re8 34. Re2 g5 35. Rxe8 Kxe8 36. b4 cxb4 37. Ke2 Kf7 1/2-1/2

[Event "IECC Swiss-560.2"]
[Site "IECC email"]
[Date "2012.08.20"]
[Round "?"]
[White "De Oliveira, Diogo Luiz"]
[Black "Jordaan, Wayne"]
[Result "1-0"]
[WhiteElo "2156"]
[BlackElo "1840"]
[PlyCount "101"]
[EventDate "2012.??.??"]
[EventType "swiss (corr)"]
[EventRounds "1"]
[SourceTitle "Telechess CBM 165"]
[Source "ChessBase"]
[SourceDate "2015.03.11"]
[SourceVersion "1"]
[SourceVersionDate "2015.03.11"]
[SourceQuality "1"]
[WhiteTeam "Brazil"]
[BlackTeam "South Africa"]
[WhiteTeamCountry "BRA"]
[BlackTeamCountry "RSA"]

1. e4 c5 2. Nf3 d6 3. d4 cxd4 4. Nxd4 Nf6 5. Nc3 a6 6. f3 e5 7. Nb3 Be6 8. Be3 Nbd7 9. Qd2 b5 10. 0-0-0 Rc8 11. Kb1 Be7 12. g4 Nb6 13. g5 Nfd7 14. Na5 Qc7 15. h4 0-0 16. h5 b4 17. Nd5 Nxd5 18. exd5 Bf5 19. Nc6 Nb8 20. Bh3 Bxh3 21. Nxe7+ Qxe7 22. Rxh3 Rc4 23. g6 h6 24. Rg1 Rh4 25. gxf7+ Rxf7 26. Rhg3 Kh7 27. Rg6 Qf8 28. Bxh6 gxh6 29. Qg2 Rxh5 30. Rg8 Rg5 31. Rxf8 Rxg2 32. Rxf7+ Kg6 33. Rxg2+ Kxf7 34. Rg4 a5 35. Rc4 h5 36. Rc7+ Kf6 37. Rb7 Na6 38. Rd7 Kf5 39. Rxd6 Nc5 40. Rc6 Nb7 41. Rb6 Nc5 42. Rb5 Nd7 43. Rxa5 h4 44. Ra4 h3 45. Rxb4 h2 46. Rh4 Nb6 47. a4 Nxd5 48. Kc1 Nc7 49. Rxh2 Kf4 50. b4 e4 51. fxe4 1-0

[Event "IECC CL2-2012.03 email"]
[Site "IECC email"]
[Date "2012.08.19"]
[Round "?"]
[White "De Oliveira, Diogo Luiz"]
[Black "Heyvaert, Philippe"]
[Result "1/2-1/2"]
[WhiteElo "2137"]
[BlackElo "2026"]
[PlyCount "75"]
[EventDate "2012.??.??"]
[EventType "tourn (corr)"]
[EventRounds "4"]
[SourceTitle "Telechess CBM 165"]
[Source "ChessBase"]
[SourceDate "2015.03.11"]
[SourceVersion "1"]
[SourceVersionDate "2015.03.11"]
[SourceQuality "1"]
[WhiteTeam "Brazil"]
[BlackTeam "Belgium"]
[WhiteTeamCountry "BRA"]
[BlackTeamCountry "BEL"]

1. e4 c5 2. Nf3 d6 3. d4 cxd4 4. Nxd4 Nf6 5. Nc3 a6 6. f3 e5 7. Nb3 Be6 8. Be3 Be7 9. Qd2 0-0 10. 0-0-0 Nbd7 11. g4 b5 12. g5 b4 13. Ne2 Ne8 14. h4 a5 15. Kb1 a4 16. Nbc1 b3 17. axb3 axb3 18. Nxb3 Nc7 19. Nc3 Qb8 20. Nd5 Nxd5 21. exd5 Bf5 22. Bd3 Bxd3 23. Qxd3 Bd8 24. f4 Bb6 25. Rhe1 Bxe3 26. Qxe3 Qb7 27. Rd3 Nb6 28. Nd2 Rfb8 29. Qf3 exf4 30. Rb3 Qxd5 31. Qxf4 Rf8 32. Qe3 Nd7 33. Qd3 Qc5 34. Qb5 Qc7 35. Qd5 Ra4 36. Re4 Ra5 37. Rb5 Nb6 38. Qd3 1/2-1/2

[Event "IECC KO-4031"]
[Site "IECC email"]
[Date "2012.08.15"]
[Round "?"]
[White "De Oliveira, Diogo Luiz"]
[Black "Llorente Alvarez, Jose Luis"]
[Result "1/2-1/2"]
[WhiteElo "2104"]
[BlackElo "2112"]
[PlyCount "60"]
[EventDate "2011.??.??"]
[EventType "match (corr)"]
[EventRounds "2"]
[SourceTitle "Telechess CBM 165"]
[Source "ChessBase"]
[SourceDate "2015.03.11"]
[SourceVersion "1"]
[SourceVersionDate "2015.03.11"]
[SourceQuality "1"]
[WhiteTeam "Brazil"]
[BlackTeam "Spain"]
[WhiteTeamCountry "BRA"]
[BlackTeamCountry "ESP"]

1. e4 e5 2. Nf3 Nf6 3. Nxe5 d6 4. Nf3 Nxe4 5. d4 d5 6. Bd3 Nc6 7. 0-0 Be7 8. c4 Nb4 9. Be2 0-0 10. Nc3 Bf5 11. a3 Nxc3 12. bxc3 Nc6 13. Re1 Re8 14. Bf4 dxc4 15. Bxc4 Bd6 16. Rxe8+ Qxe8 17. Ng5 Bg6 18. Bxd6 cxd6 19. h4 Qe7 20. Qg4 h6 21. Nh3 Qe4 22. Nf4 Ne5 23. dxe5 Qxc4 24. e6 fxe6 25. Qxg6 Qxf4 26. Qxe6+ Kh8 27. g3 Qd2 28. Qc4 Re8 29. Rb1 b6 30. Qf7 Re1+ 1/2-1/2

[Event "IECC CL1-2011.04 email"]
[Site "IECC email"]
[Date "2012.04.07"]
[Round "?"]
[White "De Oliveira, Diogo Luiz"]
[Black "Ducci, Roberto"]
[Result "1-0"]
[WhiteElo "2122"]
[BlackElo "2207"]
[PlyCount "107"]
[EventDate "2011.??.??"]
[EventType "tourn (corr)"]
[EventRounds "4"]
[SourceTitle "Telechess CBM 165"]
[Source "ChessBase"]
[SourceDate "2015.03.11"]
[SourceVersion "1"]
[SourceVersionDate "2015.03.11"]
[SourceQuality "1"]
[WhiteTeam "Brazil"]
[BlackTeam "Italy"]
[WhiteTeamCountry "BRA"]
[BlackTeamCountry "ITA"]

1. Nf3 Nf6 2. c4 g6 3. Nc3 Bg7 4. d4 d5 5. Qb3 dxc4 6. Qxc4 0-0 7. e4 Na6 8. Be2 c5 9. d5 e6 10. 0-0 exd5 11. exd5 Bf5 12. Be3 Qb6 13. b3 Rfe8 14. Rad1 Rad8 15. h3 Qa5 16. d6 Be6 17. Qd3 Nb4 18. Qd2 a6 19. Bg5 Bf5 20. a3 Nc6 21. Bc4 b5 22. Bd5 Nxd5 23. Qxd5 Qxc3 24. Qxc6 f6 25. Bd2 Qxb3 26. Ba5 Bd7 27. Qxc5 Rc8 28. Qa7 Qf7 29. Rfe1 Rxe1+ 30. Bxe1 g5 31. Bb4 h5 32. Re1 Bf8 33. Nd2 a5 34. Qxa5 g4 35. hxg4 hxg4 36. Nf1 f5 37. Qa7 Rc4 38. Ne3 Re4 39. Rd1 Bg7 40. Nd5 g3 41. fxg3 Qe6 42. Rd3 Rc4 43. Bd2 Qxd6 44. Qe3 Qe6 45. Qg5 Kf7 46. Nf4 Qe7 47. Qg6+ Kg8 48. Nh5 Rg4 49. Qb6 Be6 50. Bb4 Rxb4 51. axb4 Be5 52. Ra3 Bf7 53. Ra8+ Kh7 54. Ra7 1-0

[Event "Campos Novos op"]
[Site "Campos Novos"]
[Date "2011.10.14"]
[Round "3"]
[White "De Oliveira, Diogo Luiz"]
[Black "Souza, Ivan Boere"]
[Result "0-1"]
[WhiteElo "1956"]
[BlackElo "2324"]
[PlyCount "106"]
[EventDate "2011.10.13"]
[EventType "swiss"]
[EventRounds "7"]
[EventCountry "BRA"]
[SourceTitle "EXT 2014"]
[Source "ChessBase"]
[SourceDate "2013.11.20"]
[SourceVersion "1"]
[SourceVersionDate "2013.11.20"]
[SourceQuality "1"]

1. e4 c5 2. Nf3 a6 3. c4 d6 4. Nc3 Bg4 5. Be2 Nf6 6. d4 Bxf3 7. Bxf3 cxd4 8. Nd5 e6 9. Nf4 Nc6 10. 0-0 Be7 11. b3 0-0 12. Bb2 Qa5 13. Qd3 Rac8 14. Ne2 e5 15. Ng3 g6 16. Bc1 Qc3 17. Qxc3 dxc3 18. Bh6 b5 19. Bxf8 Bxf8 20. Ne2 b4 21. Rfd1 h5 22. g3 Nd7 23. Rac1 Nc5 24. Bg2 a5 25. Nxc3 bxc3 26. Rxc3 Rb8 27. f3 Rb6 28. Kf2 Nb4 29. a3 Nc6 30. Rb1 Bh6 31. b4 axb4 32. axb4 Rxb4 33. Rxb4 Nxb4 34. Ra3 Bf8 35. Ra8 Kg7 36. Bf1 Be7 37. Rb8 Nc6 38. Rc8 Nd4 39. Rc7 Kf6 40. Ke3 Bd8 41. Rc8 Ke7 42. f4 Nce6 43. Bh3 Bb6 44. Bxe6 Nxe6+ 45. Kf3 Kd7 46. Ra8 Bc5 47. h3 Ke7 48. f5 Ng5+ 49. Kg2 Nxe4 50. fxg6 fxg6 51. Ra4 Nd2 52. g4 hxg4 53. hxg4 Kf6 0-1